| Tag |
First Indicator |
Second Indicator |
Subfields |
| LEADER |
00000cam a22000001a 4500 |
| 001 |
in00002149554 |
| 006 |
m e d # |
| 007 |
cr mn mmmmabba |
| 008 |
870724s1795 mdu s 000 0 eng d |
| 005 |
20260331151425.6 |
| 035 |
|
|
|z w032346
|
| 035 |
|
|
|a MAAR8707243914B
|
| 035 |
|
|
|9 mwa91-35448
|
| 035 |
|
|
|a 343696
|
| 035 |
|
|
|a aas03032346
|
| 040 |
|
|
|a MWA
|c MWA
|e bdrb
|d UtOrBLW
|
| 110 |
2 |
|
|a Susquehanna Canal Company (Md.)
|
| 245 |
1 |
0 |
|a At a meeting of the governors and directors of the Maryland Susquehanna Canal, held at the Canal, on Thursday, the 28th May, 1795, resolved, that Samuel Hughes, George Gale, and John Holmes, be empowered and requested to concert with the citizens of Pennsylvania, or such persons as they may think proper to appoint, the most eligible mode of removing the obstructions and improving the navigation of the River Susquehannah, and make report of their proceedings ...
|
| 264 |
|
3 |
|a [Annapolis?] :
|b [Printed by Frederick Green?],
|c [1795]
|
| 300 |
|
|
|a 4 unnumbered pages ;
|c 32 cm. (folio)
|
| 336 |
|
|
|a text
|b txt
|2 rdacontent
|
| 337 |
|
|
|a computer
|b c
|2 rdamedia
|
| 338 |
|
|
|a online resource
|b cr
|2 rdacarrier
|
| 500 |
|
|
|a Followed by a circular letter dated May 29th and signed by Hughes, Gale, and Holmes.
|
| 500 |
|
|
|a Imprint suggested by Evans.
|
| 510 |
4 |
|
|a Evans
|c 29032
|
| 510 |
4 |
|
|a Minick, A.R. Maryland,
|c 262
|
| 530 |
|
|
|a Microform version available in the Readex Early American Imprints series.
|
| 533 |
|
|
|a Electronic text and image data.
|b [Chester, Vt. :
|c Readex, a division of Newsbank, Inc.,
|d 2002-2004.
|e Includes files in TIFF, GIF and PDF formats with inclusion of keyword searchable text.
|f (Early American imprints. First series ; no. 29032).
|
| 500 |
|
|
|a Electronic resource.
|
| 650 |
|
0 |
|a Canals
|z Pennsylvania.
|
| 650 |
|
0 |
|a Canals
|z Maryland.
|
| 650 |
|
0 |
|a Inland navigation
|z Pennsylvania.
|
| 650 |
|
0 |
|a Inland navigation
|z Maryland.
|
| 651 |
|
0 |
|a Susquehanna River
|x Navigation.
|
| 752 |
|
|
|a United States
|b Maryland
|d Annapolis.
|
| 830 |
|
0 |
|a Early American imprints.
|n Series I,
|p Evans (1639-1800) ;
|v no. 29032.
|
| 856 |
4 |
1 |
|u http://proxy.library.tamu.edu/login?url=https://opac.newsbank.com/select/evans/29032
|y Evans Digital Edition
|t 0
|
| 999 |
|
|
|a MARS
|
| 999 |
f |
f |
|s ee0947de-6de8-3175-aa04-c450fe0d73a2
|i 9cc0f377-7bde-3ff4-a450-6964d84e679e
|t 0
|
| 952 |
f |
f |
|a Texas A&M University
|b College Station
|c Electronic Resources
|s www_evans
|d Available Online
|t 0
|h No information provided
|
| 998 |
f |
f |
|t 0
|l Available Online
|